00935cam a2200253 a 450000100100000000500170001000800410002702000150006804000250008308200180010810000360012624500580016226000480022030000210026844000380028950400210032750400490034865100600039760000530045791000280051091000070053895201210054599900150066600000421620200929151419.0961230s1992 nyu 001 1 eng  a0700605207 aDO-SdBNPbspacBNPHU a973.922bK35G1 aGiglio, James N.,d1939-91244314aThe presidency of John F. Kennedy /cJames N. Giglio. aKansa :bUniversity Press of Kansas,c1992. a334 p. ;c23 cm. 0aAmerican Presidency Series912444 aIncluye índice aIncluye notas e referencias bibliográficas 4aEstados UnidosxPolítica Y Gobiernoy1961-196391244510aKENNEDY, JOHN F.,d1917-1963xPRESIDENTES912446 aCatalogación derivada aWM 001052708MOaGRbGRcHDd2009-07-20iLF1l0o973.922 K35Gp4216-10r2020-06-25w2020-06-25y2ZPréstamo interno c4030d4030